<?xml version="1.0" encoding="UTF-8"?>
<record
    xmlns:xsi="http://www.w3.org/2001/XMLSchema-instance"
    xsi:schemaLocation="http://www.loc.gov/MARC21/slim http://www.loc.gov/standards/marcxml/schema/MARC21slim.xsd"
    xmlns="http://www.loc.gov/MARC21/slim">

  <leader>02895nam a2200469Ia 4500</leader>
  <controlfield tag="001">470</controlfield>
  <controlfield tag="008">241029s9999    xx            000 0 und d</controlfield>
  <datafield tag="041" ind1=" " ind2=" ">
    <subfield code="a">Espa&#xF1;ol</subfield>
  </datafield>
  <datafield tag="082" ind1=" " ind2=" ">
    <subfield code="a">MTH-0027</subfield>
  </datafield>
  <datafield tag="245" ind1=" " ind2="0">
    <subfield code="a">An&#xE1;lisis cultural organizacional seg&#xFA;n roles, &#xE1;rea de gesti&#xF3;n servicio al cliente.</subfield>
  </datafield>
  <datafield tag="260" ind1=" " ind2=" ">
    <subfield code="a">Distrito Nacional</subfield>
  </datafield>
  <datafield tag="300" ind1=" " ind2=" ">
    <subfield code="a">56</subfield>
  </datafield>
  <datafield tag="520" ind1=" " ind2=" ">
    <subfield code="a">12</subfield>
  </datafield>
  <datafield tag="650" ind1=" " ind2=" ">
    <subfield code="a">Ejes Transversales (El Trabajo como Medio de Realizaci&#xF3;n Personal y Base del Desarrollo)</subfield>
  </datafield>
  <datafield tag="690" ind1=" " ind2=" ">
    <subfield code="a">Elaborado</subfield>
  </datafield>
  <datafield tag="901" ind1=" " ind2=" ">
    <subfield code="a">{"1":"Gonz&#xE1;lez"}</subfield>
    <subfield code="b">{"1":"Patricia"}</subfield>
  </datafield>
  <datafield tag="902" ind1=" " ind2=" ">
    <subfield code="a">1</subfield>
  </datafield>
  <datafield tag="903" ind1=" " ind2=" ">
    <subfield code="a">{"1":"Lantigua "}</subfield>
    <subfield code="b">{"1":"Cristina"}</subfield>
  </datafield>
  <datafield tag="904" ind1=" " ind2=" ">
    <subfield code="a">Maestr&#xED;a en</subfield>
  </datafield>
  <datafield tag="905" ind1=" " ind2=" ">
    <subfield code="a">Desarrollo Humano y Sostenible</subfield>
  </datafield>
  <datafield tag="906" ind1=" " ind2=" ">
    <subfield code="a">2</subfield>
  </datafield>
  <datafield tag="907" ind1=" " ind2=" ">
    <subfield code="a">NO APLICA</subfield>
  </datafield>
  <datafield tag="908" ind1=" " ind2=" ">
    <subfield code="a">NO APLICA</subfield>
  </datafield>
  <datafield tag="909" ind1=" " ind2=" ">
    <subfield code="a">Universidad Iberoamericana (UNIBE)</subfield>
  </datafield>
  <datafield tag="910" ind1=" " ind2=" ">
    <subfield code="a">NULL</subfield>
    <subfield code="b">NULL</subfield>
  </datafield>
  <datafield tag="911" ind1=" " ind2=" ">
    <subfield code="a">["1"]</subfield>
  </datafield>
  <datafield tag="912" ind1=" " ind2=" ">
    <subfield code="a">NO APLICA</subfield>
  </datafield>
  <datafield tag="913" ind1=" " ind2=" ">
    <subfield code="a">NULL</subfield>
  </datafield>
  <datafield tag="914" ind1=" " ind2=" ">
    <subfield code="a">01 de Agosto de 2013</subfield>
  </datafield>
  <datafield tag="915" ind1=" " ind2=" ">
    <subfield code="a">22/11/19 09:11</subfield>
  </datafield>
  <datafield tag="916" ind1=" " ind2=" ">
    <subfield code="a">NULL</subfield>
  </datafield>
  <datafield tag="917" ind1=" " ind2=" ">
    <subfield code="a">NULL</subfield>
  </datafield>
  <datafield tag="918" ind1=" " ind2=" ">
    <subfield code="a">NO APLICA</subfield>
  </datafield>
  <datafield tag="919" ind1=" " ind2=" ">
    <subfield code="a">["26","28","31","36","141"]</subfield>
  </datafield>
  <datafield tag="520" ind1=" " ind2=" ">
    <subfield code="a">El objetivo principal de este estudio consisti&#xF3; en analizar la necesidad de un cambio de enfoque, en la forma de comunicar los valores organizacionales, para evitar la existencia de subculturas. La metodolog&#xED;a empleada fue de tipo exploratorio y de car&#xE1;cter cualitativo, comparativo y clasificatorio.&#xA0;Como t&#xE9;cnicas emplearon grupo focal, cuestionario y an&#xE1;lisis bibliogr&#xE1;fico. Se trabaj&#xF3; con un grupo de personas &#xED;ntimamente ligadas y por trabajar en la misma &#xE1;rea, de una empresa de servicios financieros. La muestra seleccionada estuvo compuesta por: dos (2) vicepresidentes, ocho (8) gerentes de divisi&#xF3;n departamentales, doce (12) sub-gerentes, l&#xED;deres de proyectos, Auxiliares.Los an&#xE1;lisis realizados, indicaron que uno de los elementos m&#xE1;s preocupantes de los resultados obtenidos del &#xE1;rea de Gesti&#xF3;n Servicio al Cliente, es que entre el nivel de supervisores y personal de apoyo, hay temas de cultura y valores que no coinciden, adem&#xE1;s se pudo observar, que los resultados de valores hay que trabajarlos para aumentar su importancia. Tambi&#xE9;n hay que reforzar la satisfacci&#xF3;n al cliente y el trabajo en equipo.El estudio recomienda, la necesidad de replantear la misi&#xF3;n de la cultura organizacional objeto de estudio, con el fin de lograr cambios que incidan en las personas y por tanto, que hagan que la adopci&#xF3;n de la cultura sea sostenible. Se requiere un compromiso mayor; desde el&#xA0;liderazgo&#xA0;de la Instituci&#xF3;n, que implique moldear la conducta&#xA0;esperada. Trabajar activamente, para incorporar el discurso sobre valores en todos los procesos. Crear una herramienta para validar y medir la adopci&#xF3;n de la cultura basada en valores.</subfield>
  </datafield>
  <datafield tag="921" ind1=" " ind2=" ">
    <subfield code="a">16</subfield>
  </datafield>
  <datafield tag="922" ind1=" " ind2=" ">
    <subfield code="a">16</subfield>
  </datafield>
  <datafield tag="923" ind1=" " ind2=" ">
    <subfield code="a">0</subfield>
  </datafield>
  <datafield tag="924" ind1=" " ind2=" ">
    <subfield code="a">NO APLICA</subfield>
  </datafield>
  <datafield tag="942" ind1=" " ind2=" ">
    <subfield code="c">Proyecto de Intervenci&#xF3;n</subfield>
  </datafield>
  <datafield tag="999" ind1=" " ind2=" ">
    <subfield code="c">435</subfield>
    <subfield code="d">435</subfield>
  </datafield>
</record>
